| 000 | 00856cab a2200217 4500 | ||
|---|---|---|---|
| 001 | WB2813-34 | ||
| 008 | 090401t1992 xxu||||| |||| 00| 0 eng d | ||
| 035 | _a(Sirsi) u63942 | ||
| 041 | _aeng | ||
| 245 | _aBeneficial interest in property | ||
| 260 | _c1992 | ||
| 350 | _a0 | ||
| 490 |
_aIndependent _v24 March 1992, 7(1) |
||
| 520 | _a"Springette v Defoe" CA 10 March 1992. The court upheld the shares of the beneficial interest in a jointly owned property. In the absence of communication between the parties as to what their beneficial interests would be, their shares were in proportion to the initial contributions of the parties, when they purchased the property. | ||
| 650 | _aBENEFICIAL INTEREST | ||
| 650 | _aHOUSE SALES | ||
| 650 | _aJOINT OWNERS | ||
| 690 | _aPROPERTY LAW AND PRACTICE-CASE LAW | ||
| 942 | _n0 | ||
| 948 | _c04/03/1997 | ||
| 999 |
_c39788 _d39788 |
||